Marvel Quiz - Statistics

General Stats
  • This quiz has been taken 42 times
  • The average score is 15 of 20
Answer Stats
Question Answer % Correct
What is the name of Thor's Original hammer? Mjolnir
100%
What is the real name of the black panther? T'challa
100%
What is the name of Tony Stark's Ai assistant before Friday? Jarvis
97%
What is Wanda Maximoff's Superhero name? Scarlet Witch
97%
What is the name of the Organization led by Nick Furry? S.H.I.E.L.D
94%
What is the name of Peter Quill's alter ego? Star-Lord
94%
What metal is found only in Wakanda? Vibranium
94%
Which Movie introduced Spider-Man to the MCU? Captain America: Civil War
88%
Which character said I, "I can do this all day"? Captain America
85%
What is the name of the realm where Asgardians go after death? Valhalla
85%
What is the name of Doctor Strange's mentor? The Ancient One
76%
What is the name of Tony Stark's daughter? Morgan
71%
Who is the first Avenger to meet Guardians of the Galaxy? Thor
71%
What is the name of the planet Hulk lands on in Thor: Ragnarök? Sakaar
68%
What is the name of the metal used to make Wolverine's claws (in comics)? Adamantium
65%
Who created Ultron? Both A and B
65%
Who kills Thanos in Avengers: Endgame? Iron man
53%
Which Infinity Stone was hidden inside Loki's scepter? Mind Stone
41%
What is the name of the prison where Gordians are first held? Kyln
32%
What species is Gamora? Zehoberei
32%
No matching quizzes found
Score Distribution
Percent of People with Each Score
Percentile by Number Answered
Your Score History
You have not taken this quiz